Occurrence of nonpegmatite beryllium in the United States /

Bibliographic Details
Other Authors: Warner, Lawrence Allen, 1914-
Format: Government Document Book
Language:English
Published: Washington : U. S. Govt. Print. Off, 1959.
Series:U.S. Geological Survey professional paper ; 318.
Subjects:

MARC

Tag First Indicator Second Indicator Subfields
LEADER 00000cam a2200000M 4500
001 in00002784435
005 20151202172121.0
008 970414s1959 dcuab b f000 0 eng
010 |a  59000196  
019 |a 504857214 
035 |a (OCoLC)ocn470933340 
035 |a (OCoLC)470933340  |z (OCoLC)504857214 
040 |a DLC  |c TEU  |d UtOrBLW 
049 |a TXAM 
050 1 4 |a QE75.P9 no.318 
086 |a I 19.16:318 
245 0 0 |a Occurrence of nonpegmatite beryllium in the United States /  |c by Lawrence A. Warner [and others]. 
264 1 |a Washington :  |b U. S. Govt. Print. Off,  |c 1959. 
300 |a viii, 198 pages :  |b illustrations, maps, tables. ;  |c 30 cm. 
336 |a text  |b txt  |2 rdacontent 
337 |a unmediated  |b n  |2 rdamedia 
338 |a volume  |b nc  |2 rdacarrier 
490 1 |a Geological Survey professional paper ;  |v 318 
500 |a Part of illustrative matter in pocket. 
500 |a "This report concerns work done on behalf of the U. S. Atomic Energy Commission and is published with the permission of the Commission." 
504 |a Bibliography : pages 186-195. 
650 0 |a Beryllium. 
700 1 |a Warner, Lawrence Allen,  |d 1914- 
830 0 |a U.S. Geological Survey professional paper ;  |v 318. 
948 |a cataloged  |b h  |c 2012/12/17  |d c  |e mvaldespin  |f 12:06:37 pm 
994 |a C0  |b TXA 
999 |a MARS 
999 f f |s f9d699b5-d32f-36c1-a16b-b0a067fa9199  |i b3208b0a-d561-3892-b8c8-7cd9ea0e0017  |t 0 
952 f f |p normal  |a Texas A&M University  |b College Station  |c Sterling C. Evans Library  |d Evans: US Documents (Annex 5th floor)  |t 0  |e I 19.16:318-321  |h Superintendent of Documents classification  |i unmediated -- volume  |m A14837789137 
998 f f |a I 19.16:318-321  |t 0  |l Evans: US Documents (Annex 5th floor)